GENERAL PSYCHOLOGY (Record no. 7843)

MARC details
000 -LEADER
fixed length control field 00390nam a22001697a 4500
005 - DATE AND TIME OF LATEST TRANSACTION
control field 20220120113852.0
008 - FIXED-LENGTH DATA ELEMENTS--GENERAL INFORMATION
fixed length control field 220120b ||||| |||| 00| 0 eng d
020 ## - INTERNATIONAL STANDARD BOOK NUMBER
ISBN 978-93-86245-76-2
041 ## - LANGUAGE CODE
Language code of text/sound track or separate title eng
082 ## - DEWEY DECIMAL CLASSIFICATION NUMBER
Classification number 150
100 ## - MAIN ENTRY--AUTHOR NAME
Personal name MANGAL, S.K
245 ## - TITLE STATEMENT
Title GENERAL PSYCHOLOGY
260 ## - PUBLICATION, DISTRIBUTION, ETC. (IMPRINT)
Place of publication U.P
Name of publisher STERLING .PVT.LTD
Year of publication 2019
300 ## - PHYSICAL DESCRIPTION
Number of Pages 416,p
650 ## - SUBJECT ADDED ENTRY--TOPICAL TERM
Topical Term BPT
942 ## - ADDED ENTRY ELEMENTS (KOHA)
Koha item type Books
Holdings
Lost status Damaged status Collection code Home library Current library Shelving location Date acquired Source of acquisition Cost, normal purchase price Full call number Accession Number Koha item type
    PHYSIOTHERAPY JRU Library JRU Library Shelf - 24- E 20/01/2022 PURCHASE 360.00 150 25872 Books
    PHYSIOTHERAPY JRU Library JRU Library Shelf - 24- E 20/01/2022 PURCHASE 360.00 150 25873 Books
    PHYSIOTHERAPY JRU Library JRU Library Shelf - 24- E 20/01/2022 PURCHASE 360.00 150 25874 Books
    Reference JRU Library JRU Library SHELF- 8- B 16/09/2023 PURCHASE 360.00 150 25875 Books
    PHYSIOTHERAPY JRU Library JRU Library Shelf - 24- E 20/01/2022 PURCHASE 360.00 150 25876 Books